Statistics for Carlton FC Premiership Wins By Year

Click here to take the quiz!

General Stats

  • This quiz has been taken 6 times
  • The average score is 12 of 16

Answer Stats

Answer% Correct
1968
100%
1970
100%
1972
100%
1979
100%
1981
100%
1982
100%
1987
100%
1995
100%
1906
67%
1907
67%
1908
67%
1914
33%
1915
33%
1938
33%
1945
33%
1947
33%

Score Distribution

Percentile by Number Answered

Percent of People with Each Score

Your Score History

You have not taken this quiz